000
00258nam a22001217a 4500
008
180307b xxu||||| |||| 00| 0 eng d
041
_a
eng
080
_a
7
100
_a
42
101
_a
ART
245
_a
AFRICAN AND OCEAN ART
_c
HANS.N
942
_2
udc
_c
BK
999
_c
44277
_d
44277